[Event "Deutsche Ländermeisterschaft 2003"]
[Site "Kassel GER"]
[Date "2003.10.21"]
[Round "4"]
[White "Eckoldt, Katja"]
[Black "Garny, Annica"]
[Result "0-1"]
[Termination "normal"]
[Board "3.8"]
[WhiteElo "1206"]
[BlackElo "1025"]
[WhiteTeam "Thüringen"]
[BlackTeam "Hamburg"]
[PlyCount "146"]
[BlackFideId "24600660"]
[EventCountry "GER"]
[EventRounds "7"]
[EventType "team-swiss"]
[EventDate "2003.10.18"]

1. e4 e5 2. Nf3 Nc6 3. Bc4 Bc5 4. c3 Nf6 5. d3 d6 6. h3 O-O 7. O-O Be6 8. Bxe6
fxe6 9. Re1 d5 10. exd5 exd5 11. Nxe5 Qd6 12. Nxc6 bxc6 13. d4 Bb6 14. Nd2 c5
15. Nf3 Ne4 16. Rf1 Rae8 17. Be3 c6 18. Qc2 Bc7 19. dxc5 Nxc5 20. Bxc5 Qxc5 21.
Rae1 Qd6 22. Rxe8 Rxe8 23. b4 Rf8 24. Re1 Rxf3 25. gxf3 Qh2+ 26. Kf1 Qxh3+ 27.
Ke2 h5 28. Qa4 Qe6+ 29. Kd1 Qd6 30. Qxa7 h4 31. Qc5 Qf6 32. Qe3 Kh7 33. Qe7
Qxf3+ 34. Re2 Qf4 35. Qe3 Qxe3 36. Rxe3 Kh6 37. a4 g5 38. a5 Kh5 39. a6 Bb6 40.
Ke2 g4 41. Re5+ Kg6 42. Re6+ Kg5 43. Re5+ Kf4 44. Rh5 h3 45. Rxh3 gxh3 46. Kf1
Kg4 47. Kg1 Kh4 48. Kf1 Kg4 49. Kg1 Kf3 50. Kh2 Kg4 51. Kg1 d4 52. cxd4 Bxd4
53. Kf1 Kf3 54. Kg1 Bxf2+ 55. Kh2 Kg4 56. Kh1 Kh4 57. Kh2 Kg4 58. Kh1 Kf4 59.
Kh2 Ke4 60. Kxh3 Kd5 61. Kg4 Kc4 62. Kf3 Bd4 63. Ke4 Ba7 64. Ke5 Kxb4 65. Ke4
Kb5 66. Ke5 Kxa6 67. Ke4 c5 68. Kd3 Kb5 69. Kc3 c4 70. Kc2 Kb4 71. Kb2 Bd4+ 72.
Ka2 c3 73. Kb1 Kb3 0-1

[Event "Deutsche Ländermeisterschaft 2003"]
[Site "Kassel GER"]
[Date "2003.10.21"]
[Round "4"]
[White "Boguslavskyy, Oleg"]
[Black "Schaffer, Hendrik"]
[Result "1/2-1/2"]
[Termination "normal"]
[Board "4.1"]
[WhiteElo "2340"]
[BlackElo "2215"]
[WhiteTeam "Baden"]
[BlackTeam "Hessen 1"]
[PlyCount "80"]
[WhiteFideId "14113929"]
[BlackFideId "4663080"]
[EventCountry "GER"]
[EventRounds "7"]
[EventType "team-swiss"]
[EventDate "2003.10.18"]

1. e4 c5 2. Nf3 d6 3. d4 cxd4 4. Nxd4 Nf6 5. Nc3 g6 6. Be2 Bg7 7. O-O Nc6 8.
Nb3 O-O 9. Re1 Be6 10. Bf1 a5 11. a4 Bxb3 12. cxb3 Nb4 13. Bc4 Rc8 14. f3 Nh5
15. Be3 e6 16. Qd2 Nf6 17. Rad1 d5 18. exd5 Nfxd5 19. Nxd5 exd5 20. Bxd5 Qxd5
21. Qxd5 Nxd5 22. Rxd5 Rc2 23. Rd2 Rxb2 24. Rxb2 Bxb2 25. Re2 Bc3 26. Rc2 Bb4
27. Bd4 f5 28. Kf2 Rd8 29. Ke3 Rd7 30. Rc8+ Kf7 31. Kd3 Bd6 32. g3 Be5 33. Rc4
Ke6 34. Kc3 Bxd4+ 35. Rxd4 g5 36. Rxd7 Kxd7 37. Kd3 Kc6 38. Kc4 g4 39. f4 b6
40. b4 h6 1/2-1/2

[Event "Deutsche Ländermeisterschaft 2003"]
[Site "Kassel GER"]
[Date "2003.10.21"]
[Round "4"]
[White "Bravo Lutz, Sebastian"]
[Black "Strohhäker, Raoul"]
[Result "0-1"]
[Termination "normal"]
[Board "4.2"]
[WhiteElo "2186"]
[BlackElo "2106"]
[WhiteTeam "Hessen 1"]
[BlackTeam "Baden"]
[PlyCount "52"]
[WhiteFideId "4671082"]
[BlackFideId "4687400"]
[EventCountry "GER"]
[EventRounds "7"]
[EventType "team-swiss"]
[EventDate "2003.10.18"]

1. e4 c5 2. b4 b6 3. bxc5 bxc5 4. Bc4 e6 5. Qe2 Bb7 6. Nf3 Be7 7. e5 Nh6 8. O-O
Nf5 9. Re1 O-O 10. c3 Nc6 11. Bd3 Nh4 12. Nxh4 Bxh4 13. Qe3 f5 14. g3 f4 15.
gxf4 Nxe5 16. Qxe5 Bxf2+ 17. Kf1 Bxe1 18. Kxe1 Qh4+ 19. Kd1 Bc6 20. Bc4 Rxf4
21. Bxe6+ Kh8 22. Bd5 Qg4+ 23. Kc2 Rf5 24. Bxc6 Rxe5 25. Bxa8 Qa4+ 26. Kd3 d5
0-1

[Event "Deutsche Ländermeisterschaft 2003"]
[Site "Kassel GER"]
[Date "2003.10.21"]
[Round "4"]
[White "Hauser, Carlos"]
[Black "Rohde, Torsten"]
[Result "0-1"]
[Termination "normal"]
[Board "4.3"]
[WhiteElo "1903"]
[BlackElo "2102"]
[WhiteTeam "Baden"]
[BlackTeam "Hessen 1"]
[PlyCount "80"]
[WhiteFideId "24608238"]
[BlackFideId "4665007"]
[EventCountry "GER"]
[EventRounds "7"]
[EventType "team-swiss"]
[EventDate "2003.10.18"]

1. d4 Nf6 2. c4 e6 3. Nc3 Bb4 4. Qc2 c5 5. dxc5 O-O 6. a3 Bxc5 7. Nf3 Be7 8.
Bg5 a6 9. Rd1 d6 10. Qd2 Qc7 11. e3 Rd8 12. Bf4 b6 13. h3 Bb7 14. Be2 Nc6 15.
O-O Ne5 16. Bxe5 dxe5 17. Qc2 e4 18. Nd4 Qe5 19. Rd2 Bd6 20. g3 Qg5 21. h4 Qh6
22. Kg2 Nh5 23. Bxh5 Qxh5 24. Qd1 Qc5 25. Qb3 Bxg3 26. fxg3 e5 27. Na4 Qa5 28.
Rdf2 exd4 29. Rxf7 Qd2+ 30. Kh3 Bc8+ 31. g4 Be6 32. R7f2 Qxe3+ 33. Qxe3 dxe3
34. Re2 Bxc4 35. Rfe1 Bxe2 36. Rxe2 Rd2 37. Rxe3 Rd3 38. Rxd3 exd3 39. Nc3 Rc8
40. Nd1 Rc1 0-1

[Event "Deutsche Ländermeisterschaft 2003"]
[Site "Kassel GER"]
[Date "2003.10.21"]
[Round "4"]
[White "Sohl, Jan"]
[Black "Becker, Erik"]
[Result "0-1"]
[Termination "normal"]
[Board "4.4"]
[WhiteElo "1847"]
[BlackElo "2010"]
[WhiteTeam "Hessen 1"]
[BlackTeam "Baden"]
[PlyCount "84"]
[WhiteFideId "4698070"]
[BlackFideId "4696921"]
[EventCountry "GER"]
[EventRounds "7"]
[EventType "team-swiss"]
[EventDate "2003.10.18"]

1. e4 c5 2. Nf3 d6 3. d4 cxd4 4. Nxd4 Nf6 5. Nc3 a6 6. Bc4 e6 7. Bb3 b5 8. O-O
Be7 9. Qf3 Qc7 10. Qg3 Nc6 11. Nxc6 Qxc6 12. Re1 Bb7 13. Qxg7 Rg8 14. Qh6 O-O-O
15. Qh3 Kb8 16. Qd3 b4 17. Nd1 Nxe4 18. Ne3 Nxf2 19. Kxf2 Rxg2+ 20. Nxg2 Qxg2+
21. Ke3 a5 22. Qb5 e5 23. Bd5 Qxd5 24. Qxd5 Bxd5 25. Rg1 Kc7 26. Rg7 h5 27. a3
b3 28. Bd2 Ra8 29. cxb3 Bxb3 30. Rh7 Bg5+ 31. Kd3 Be7 32. Ke3 a4 33. Rxh5 Kd7
34. Rg1 Ke6 35. h4 Rc8 36. Bc3 f6 37. Bb4 Rc2 38. Rh7 Bd8 39. Rgg7 Bb6+ 40. Kf3
Rxb2 41. h5 Kf5 42. Bxd6 Bf2 0-1

[Event "Deutsche Ländermeisterschaft 2003"]
[Site "Kassel GER"]
[Date "2003.10.21"]
[Round "4"]
[White "Kaczmarczyk, Dennis"]
[Black "Wolk, Friederike"]
[Result "1-0"]
[Termination "normal"]
[Board "4.5"]
[WhiteElo "1814"]
[BlackElo "1997"]
[WhiteTeam "Baden"]
[BlackTeam "Hessen 1"]
[PlyCount "101"]
[WhiteFideId "24608297"]
[BlackFideId "4693400"]
[EventCountry "GER"]
[EventRounds "7"]
[EventType "team-swiss"]
[EventDate "2003.10.18"]

1. c4 e5 2. Nc3 Nc6 3. g3 g6 4. Bg2 Bg7 5. e3 d6 6. Nge2 Be6 7. b3 Qd7 8. O-O
Bh3 9. Bb2 h5 10. f3 Bxg2 11. Kxg2 h4 12. g4 h3+ 13. Kg1 e4 14. Nf4 exf3 15.
Qxf3 O-O-O 16. d4 Rh4 17. g5 Rg4+ 18. Kh1 Rxg5 19. Qxh3 Nf6 20. Qxd7+ Kxd7 21.
Nfd5 Rf5 22. e4 Nxe4 23. Nxe4 Bxd4 24. Bxd4 Nxd4 25. Rxf5 Nxf5 26. Ng3 Nxg3+
27. hxg3 c6 28. Nf4 Ke7 29. Kg2 Kf6 30. Re1 d5 31. Rd1 Ke5 32. Kf3 b6 33. cxd5
cxd5 34. Ke3 Rd7 35. Nd3+ Ke6 36. Kd4 a5 37. Nf4+ Kd6 38. Nxd5 Kc6 39. Ke5 f6+
40. Kxf6 Rxd5 41. Rxd5 Kxd5 42. Kxg6 Kd4 43. Kf5 Kc3 44. g4 Kb2 45. g5 Kxa2 46.
g6 Kxb3 47. g7 b5 48. g8=Q+ Ka3 49. Qd5 Kb4 50. Ke4 a4 51. Kd3 1-0

[Event "Deutsche Ländermeisterschaft 2003"]
[Site "Kassel GER"]
[Date "2003.10.21"]
[Round "4"]
[White "Brethauer, Sarah"]
[Black "Mader, Manuela"]
[Result "0-1"]
[Termination "normal"]
[Board "4.6"]
[WhiteElo "1889"]
[BlackElo "1662"]
[WhiteTeam "Hessen 1"]
[BlackTeam "Baden"]
[PlyCount "84"]
[WhiteFideId "24605220"]
[BlackFideId "24612928"]
[EventCountry "GER"]
[EventRounds "7"]
[EventType "team-swiss"]
[EventDate "2003.10.18"]

1. e4 e5 2. Bc4 Nf6 3. d3 c6 4. Nc3 d5 5. exd5 cxd5 6. Bb5+ Bd7 7. Qe2 Bxb5 8.
Qxe5+ Be7 9. Nxb5 Qa5+ 10. Nc3 Nc6 11. Qg5 Nb4 12. Qd2 d4 13. Nge2 dxc3 14.
Nxc3 O-O 15. O-O Rac8 16. Qd1 Nfd5 17. Bd2 Qc7 18. Qg4 Nf6 19. Qd1 Qd7 20. a3
Nbd5 21. Re1 Nxc3 22. Bxc3 Nd5 23. Be5 Bf6 24. d4 Qc6 25. c3 Bxe5 26. Rxe5 Rfe8
27. Rxe8+ Rxe8 28. Qd2 Qe6 29. Kf1 Nb6 30. Rb1 Qe4 31. Qd1 Nd5 32. Rc1 Nf4 33.
Qf3 Qxf3 34. gxf3 Re2 35. b4 Ra2 36. Re1 Kf8 37. Re4 Ra1+ 38. Re1 Rxe1+ 39.
Kxe1 Ke7 40. Kd2 b5 41. Ke3 g5 42. Ke4 Ke6 0-1

[Event "Deutsche Ländermeisterschaft 2003"]
[Site "Kassel GER"]
[Date "2003.10.21"]
[Round "4"]
[White "Goergen, Barbara"]
[Black "Rafiee, Makan"]
[Result "1/2-1/2"]
[Termination "normal"]
[Board "4.7"]
[WhiteElo "1758"]
[BlackElo "1647"]
[WhiteTeam "Baden"]
[BlackTeam "Hessen 1"]
[PlyCount "58"]
[BlackFideId "24609340"]
[EventCountry "GER"]
[EventRounds "7"]
[EventType "team-swiss"]
[EventDate "2003.10.18"]

1. e4 c5 2. c3 d5 3. exd5 Qxd5 4. d4 Nf6 5. Nf3 Bg4 6. Be2 e6 7. h3 Bh5 8. O-O
cxd4 9. cxd4 Nc6 10. Nc3 Qa5 11. Be3 Be7 12. Qb3 Qb4 13. Rfd1 Rd8 14. Qxb4 Bxb4
15. g4 Bg6 16. Ne5 O-O 17. Nxc6 bxc6 18. Bf3 Nd5 19. Nxd5 cxd5 20. a3 Bd6 21.
Rac1 Rb8 22. Rc6 Rfd8 23. Rdc1 Bf8 24. Ra6 Rb7 25. b4 Bd3 26. Rac6 Rb5 27. Bf4
h6 28. Bc7 Rc8 29. Ba5 Rxc6 1/2-1/2

[Event "Deutsche Ländermeisterschaft 2003"]
[Site "Kassel GER"]
[Date "2003.10.21"]
[Round "4"]
[White "Begeluri, Nino"]
[Black "Frey, Alisa"]
[Result "0-1"]
[Termination "normal"]
[Board "4.8"]
[WhiteElo "1125"]
[BlackElo "1396"]
[WhiteTeam "Hessen 1"]
[BlackTeam "Baden"]
[PlyCount "62"]
[BlackFideId "24634662"]
[EventCountry "GER"]
[EventRounds "7"]
[EventType "team-swiss"]
[EventDate "2003.10.18"]

1. e4 e5 2. Nf3 Nc6 3. d4 exd4 4. Nxd4 Nf6 5. Nc3 Bb4 6. Bg5 d5 7. exd5 Qxd5 8.
Bxf6 gxf6 9. Qe2+ Be6 10. Nf3 O-O-O 11. Qb5 Rhe8 12. Be2 Qxb5 13. O-O Qf5 14.
Bd3 Rxd3 15. cxd3 Qxd3 16. Rad1 Qc2 17. Rd2 Qg6 18. Re1 Rd8 19. Rxd8+ Kxd8 20.
Rd1+ Kc8 21. Ne4 Qxe4 22. a3 Qc2 23. Rf1 Bc4 24. axb4 Bxf1 25. Kxf1 Qxb2 26. g3
Nxb4 27. Kg2 Nd3 28. Kh3 Nxf2+ 29. Kh4 Qb4+ 30. Kh5 Qg4+ 31. Kh6 Qg6# 0-1

[Event "Deutsche Ländermeisterschaft 2003"]
[Site "Kassel GER"]
[Date "2003.10.21"]
[Round "4"]
[White "Döhn, Raphael"]
[Black "Nazarenus, Moritz"]
[Result "0-1"]
[Termination "normal"]
[Board "5.1"]
[WhiteElo "2101"]
[BlackElo "2111"]
[WhiteTeam "Sachsen"]
[BlackTeam "Hessen 2"]
[PlyCount "110"]
[WhiteFideId "4695291"]
[BlackFideId "4670540"]
[EventCountry "GER"]
[EventRounds "7"]
[EventType "team-swiss"]
[EventDate "2003.10.18"]

1. e4 c6 2. d4 d5 3. e5 Bf5 4. Be3 e6 5. Nd2 Nd7 6. Ngf3 Ne7 7. Be2 c5 8. dxc5
Nc6 9. Bb5 Bg4 10. c4 d4 11. Bxc6 bxc6 12. Bxd4 Bxc5 13. Bc3 Qb6 14. O-O Bb4
15. Qb3 Bxc3 16. Qxc3 O-O 17. h3 Bh5 18. b4 a5 19. a3 axb4 20. axb4 Rab8 21.
Ra4 Qc7 22. Rfa1 Rb7 23. Ra5 Rfb8 24. R1a4 Nb6 25. Ra1 Nd7 26. R5a4 Nb6 27. Ra6
Nd7 28. Rb1 Bg6 29. Rb2 Nc5 30. Ra1 Nd3 31. Rb3 Nxb4 32. Ne1 c5 33. Rba3 Nc6
34. Ndf3 h6 35. Qe3 Ne7 36. Ra5 Rc8 37. Nd2 Nf5 38. Qc3 Nd4 39. Qe3 Rb4 40. f4
Rd8 41. Ra7 Rb7 42. Rxb7 Qxb7 43. Ndf3 Qb4 44. Rc1 Qb2 45. Kh1 Ne2 46. Rc2 Ng3+
47. Kg1 Bxc2 48. Qf2 Ne4 49. Qxc2 Qxc2 50. Nxc2 Rd1+ 51. Kh2 Nd2 52. Nxd2 Rxd2
53. Na3 Rd4 54. g3 Rd2+ 55. Kg1 Rd3 0-1

[Event "Deutsche Ländermeisterschaft 2003"]
[Site "Kassel GER"]
[Date "2003.10.21"]
[Round "4"]
[White "Kuhn, Ulf"]
[Black "Kürsten, Rüdiger"]
[Result "1-0"]
[Termination "normal"]
[Board "5.2"]
[WhiteElo "2013"]
[BlackElo "1989"]
[WhiteTeam "Hessen 2"]
[BlackTeam "Sachsen"]
[PlyCount "109"]
[WhiteFideId "4693604"]
[BlackFideId "24605816"]
[EventCountry "GER"]
[EventRounds "7"]
[EventType "team-swiss"]
[EventDate "2003.10.18"]

1. f4 d5 2. Nf3 c5 3. g3 g6 4. Bg2 Bg7 5. O-O Nh6 6. d3 d4 7. Qe1 Nc6 8. Na3
O-O 9. h3 Rb8 10. c4 Nf5 11. Nc2 b5 12. b3 bxc4 13. bxc4 Ne3 14. Bxe3 dxe3 15.
Rb1 Rxb1 16. Qxb1 Nd4 17. Ncxd4 cxd4 18. Qb4 Qc7 19. Rb1 e5 20. fxe5 Bxe5 21.
Nxe5 Qxe5 22. Kh2 Qh5 23. Rb2 Bg4 24. Bf1 Rc8 25. Qb5 g5 26. Qe5 Rd8 27. Rb8
Rxb8 28. Qxb8+ Kg7 29. Qxa7 Bxh3 30. Qxd4+ Kg6 31. Kg1 Bxf1 32. Qe4+ Kg7 33.
Kxf1 Qh3+ 34. Qg2 Qe6 35. Qe4 Qh3+ 36. Qg2 Qe6 37. Qf3 Qe5 38. Kg2 h6 39. a4 f5
40. Qd5 Qa1 41. Qxf5 Qe1 42. Qe5+ Kg6 43. Qe6+ Kg7 44. a5 h5 45. Qf5 Qd2 46.
Qxg5+ Kf8 47. Qxh5 Ke7 48. a6 Qa2 49. Qc5+ Kd7 50. Kf3 Qa1 51. Qb5+ Kd6 52.
Kxe3 Qg1+ 53. Kd2 Qa1 54. Qb8+ Kc5 55. a7 1-0

[Event "Deutsche Ländermeisterschaft 2003"]
[Site "Kassel GER"]
[Date "2003.10.21"]
[Round "4"]
[White "Beltz, Franziska"]
[Black "Elstner, Eik"]
[Result "1/2-1/2"]
[Termination "normal"]
[Board "5.3"]
[WhiteElo "1987"]
[BlackElo "2078"]
[WhiteTeam "Sachsen"]
[BlackTeam "Hessen 2"]
[PlyCount "64"]
[WhiteFideId "4681401"]
[BlackFideId "24605581"]
[EventCountry "GER"]
[EventRounds "7"]
[EventType "team-swiss"]
[EventDate "2003.10.18"]

1. e4 e5 2. Nf3 Nc6 3. Bb5 a6 4. Bxc6 dxc6 5. O-O Bg4 6. h3 h5 7. d3 Qf6 8.
Nbd2 Ne7 9. Re1 Ng6 10. hxg4 hxg4 11. Nh2 Rxh2 12. Qxg4 Rh7 13. Nf3 Nf4 14.
Bxf4 Qxf4 15. Qxf4 exf4 16. e5 Be7 17. Re4 g5 18. Rae1 O-O-O 19. Kf1 g4 20. Nd4
Bc5 21. Nb3 f3 22. gxf3 gxf3 23. Rg4 Ba7 24. Ree4 Rh2 25. d4 c5 26. Nd2 Rh3 27.
Rh4 Rxh4 28. Rxh4 cxd4 29. Nxf3 d3 30. cxd3 Rxd3 31. Ke2 Rd8 32. Rf4 Rd7
1/2-1/2

[Event "Deutsche Ländermeisterschaft 2003"]
[Site "Kassel GER"]
[Date "2003.10.21"]
[Round "4"]
[White "Rogalski, Yuriy"]
[Black "Hartmann, Tom"]
[Result "1/2-1/2"]
[Termination "normal"]
[Board "5.4"]
[WhiteElo "1776"]
[BlackElo "2008"]
[WhiteTeam "Hessen 2"]
[BlackTeam "Sachsen"]
[PlyCount "124"]
[WhiteFideId "24605352"]
[BlackFideId "4695399"]
[EventCountry "GER"]
[EventRounds "7"]
[EventType "team-swiss"]
[EventDate "2003.10.18"]

1. c4 e5 2. g3 Nf6 3. Bg2 Nc6 4. Nc3 Bc5 5. e3 O-O 6. Nge2 d6 7. a3 a5 8. O-O
Bg4 9. h3 Bh5 10. Kh2 Qc8 11. d3 Ne7 12. d4 Bb6 13. g4 Bg6 14. f4 h5 15. f5 Bh7
16. Ng3 hxg4 17. hxg4 c6 18. dxe5 dxe5 19. g5 Ne8 20. e4 Qc7 21. Qg4 Nd6 22.
Rf3 Nxc4 23. Nge2 Bxf5 24. exf5 e4+ 25. Bf4 Ne5 26. Bxe5 Qxe5+ 27. Rf4 Be3 28.
Bxe4 Bxf4+ 29. Qxf4 Qxf4+ 30. Nxf4 Rad8 31. Bd3 Rd4 32. Nce2 Rd6 33. Rc1 Rfd8
34. Rc3 Nd5 35. Nxd5 Rxd5 36. Nf4 Rd4 37. Kg3 Re8 38. g6 fxg6 39. fxg6 Kf8 40.
Bc4 Rde4 41. Kf3 R8e5 42. Bf7 Ke7 43. Rd3 Re1 44. Rd2 Rf5 45. Kg4 Rf6 46. Nh5
Rg1+ 47. Ng3 Rd6 48. Rxd6 Kxd6 49. Kf4 Ke7 50. Nf5+ Kf6 51. Ng3 Ke7 52. Nh5 Kf8
53. Ke3 b5 54. Nf4 Ke7 55. Kd2 Rf1 56. Ne6 Kf6 57. Nd4 Rf2+ 58. Kc3 b4+ 59. Kb3
c5 60. Ne6 a4+ 61. Kxa4 Rxb2 62. axb4 Rxb4+ 1/2-1/2

[Event "Deutsche Ländermeisterschaft 2003"]
[Site "Kassel GER"]
[Date "2003.10.21"]
[Round "4"]
[White "Beltz, Carmen"]
[Black "Poetsch, Hagen"]
[Result "0-1"]
[Termination "normal"]
[Board "5.5"]
[WhiteElo "1752"]
[BlackElo "1717"]
[WhiteTeam "Sachsen"]
[BlackTeam "Hessen 2"]
[PlyCount "66"]
[WhiteFideId "24608726"]
[BlackFideId "24615137"]
[EventCountry "GER"]
[EventRounds "7"]
[EventType "team-swiss"]
[EventDate "2003.10.18"]

1. e4 e6 2. d4 d5 3. Nd2 Nf6 4. e5 Nfd7 5. Bd3 c5 6. c3 Nc6 7. Ndf3 cxd4 8.
cxd4 Be7 9. Ne2 f6 10. exf6 Nxf6 11. O-O O-O 12. Re1 Bd6 13. Bg5 Qc7 14. Bh4
Bd7 15. Bg3 Bxg3 16. Nxg3 Rac8 17. Rc1 Qb6 18. Qd2 Kh8 19. Bb1 Rce8 20. Rcd1 a5
21. h3 Rc8 22. Ng5 Na7 23. h4 h6 24. Nf3 Ba4 25. b3 Be8 26. Ne5 Nc6 27. Ng6+
Bxg6 28. Bxg6 Ne7 29. Bb1 Rc6 30. Qd3 Qc7 31. Re5 Rc3 32. Qd2 Ng4 33. Re2 Rxg3
0-1

[Event "Deutsche Ländermeisterschaft 2003"]
[Site "Kassel GER"]
[Date "2003.10.21"]
[Round "4"]
[White "Becker, Natalie"]
[Black "Hänse, Felix"]
[Result "1/2-1/2"]
[Termination "normal"]
[Board "5.6"]
[WhiteElo "1514"]
[BlackElo "1735"]
[WhiteTeam "Hessen 2"]
[BlackTeam "Sachsen"]
[PlyCount "82"]
[EventCountry "GER"]
[EventRounds "7"]
[EventType "team-swiss"]
[EventDate "2003.10.18"]

1. c4 Nf6 2. g3 g6 3. Bg2 Bg7 4. Nf3 O-O 5. O-O c5 6. Nc3 Nc6 7. e3 d6 8. d4
Bg4 9. h3 Bf5 10. Nh4 Bd7 11. Ne2 Qc8 12. Kh2 Na5 13. b3 Rb8 14. Bb2 b5 15.
cxb5 Bxb5 16. dxc5 dxc5 17. Qc2 Qa6 18. Rfe1 Bd3 19. Qd2 Rfd8 20. Nc3 g5 21.
Nf3 Ne4 22. Nxe4 Bxe4 23. Qc1 Bxb2 24. Qxb2 Bxf3 25. Bxf3 c4 26. Bd1 Qd6 27.
Qc3 Qd2 28. Qxd2 Rxd2 29. Kg1 Rbd8 30. bxc4 Nxc4 31. Bb3 Ne5 32. Red1 g4 33. h4
Nf3+ 34. Kg2 Kg7 35. Rxd2 Rxd2 36. Rd1 Rxd1 37. Bxd1 Ne5 38. Kf1 f5 39. Ke2 Kf6
40. Bb3 Nd7 41. Bc2 Ne5 1/2-1/2

[Event "Deutsche Ländermeisterschaft 2003"]
[Site "Kassel GER"]
[Date "2003.10.21"]
[Round "4"]
[White "Dünzel, Jonas"]
[Black "Kuhn, Alena"]
[Result "1/2-1/2"]
[Termination "normal"]
[Board "5.7"]
[WhiteElo "1180"]
[BlackElo "1522"]
[WhiteTeam "Sachsen"]
[BlackTeam "Hessen 2"]
[PlyCount "63"]
[WhiteFideId "24631167"]
[EventCountry "GER"]
[EventRounds "7"]
[EventType "team-swiss"]
[EventDate "2003.10.18"]

1. e4 e6 2. d4 d5 3. exd5 exd5 4. c3 Bd6 5. Bd3 Nc6 6. Be3 Nf6 7. h3 Be6 8. Nd2
Qd7 9. Qc2 h6 10. Ngf3 O-O-O 11. O-O-O Nh5 12. Nh4 Ne7 13. Nb3 g5 14. Nf3 Bf5
15. Bxf5 Nxf5 16. g4 Nxe3 17. fxe3 Ng3 18. Rhg1 Rhe8 19. Qf2 Ne4 20. Qe1 Re7
21. Rd3 Rde8 22. Nbd2 Qb5 23. Kc2 Nxd2 24. Qxd2 Re4 25. Rf1 Qd7 26. Ne1 Qe6 27.
Ng2 c6 28. Qf2 Re7 29. Qf5 Qxf5 30. Rxf5 Bh2 31. Rf1 Kd7 32. Kd2 1/2-1/2

[Event "Deutsche Ländermeisterschaft 2003"]
[Site "Kassel GER"]
[Date "2003.10.21"]
[Round "4"]
[White "Zuyev, Lisa"]
[Black "Demmler, Julia"]
[Result "0-1"]
[Termination "normal"]
[Board "5.8"]
[WhiteElo "1160"]
[BlackElo "1156"]
[WhiteTeam "Hessen 2"]
[BlackTeam "Sachsen"]
[PlyCount "94"]
[EventCountry "GER"]
[EventRounds "7"]
[EventType "team-swiss"]
[EventDate "2003.10.18"]

1. e4 e5 2. Nf3 Nc6 3. Nc3 Bc5 4. Bc4 d6 5. h3 Be6 6. b3 Nf6 7. O-O Nd4 8. Bxe6
Nxe6 9. d3 Nd4 10. Bg5 h6 11. Bh4 O-O 12. Nd5 g5 13. Bg3 Nxd5 14. exd5 Qf6 15.
Nxd4 Bxd4 16. Rb1 Rae8 17. Re1 Re7 18. Qg4 Qg6 19. Rbc1 f5 20. Qe2 Bc3 21. Rf1
Ref7 22. Bh2 h5 23. Rcd1 g4 24. h4 Bd4 25. Kh1 Rg7 26. Rc1 f4 27. c3 Bb6 28. a4
c5 29. dxc6 bxc6 30. b4 Qf6 31. Qe4 d5 32. Qe2 Re8 33. d4 e4 34. c4 Bxd4 35.
cxd5 cxd5 36. Rcd1 Rc8 37. b5 Rc4 38. a5 Ra4 39. a6 Rb4 40. Rc1 f3 41. gxf3
Qxh4 42. Rc8+ Kh7 43. fxe4 Be5 44. f3 gxf3 45. Rxf3 Rb1+ 46. Rf1 Rxf1+ 47. Qxf1
Qxh2# 0-1

[Event "Deutsche Ländermeisterschaft 2003"]
[Site "Kassel GER"]
[Date "2003.10.21"]
[Round "4"]
[White "Leisner, Hannes"]
[Black "Zimmermann, Hendrik"]
[Result "1/2-1/2"]
[Termination "normal"]
[Board "6.1"]
[WhiteElo "1994"]
[BlackElo "2115"]
[WhiteTeam "Mecklenburg-Vorpommern"]
[BlackTeam "Hessen 3"]
[PlyCount "117"]
[WhiteFideId "4692705"]
[BlackFideId "4686225"]
[EventCountry "GER"]
[EventRounds "7"]
[EventType "team-swiss"]
[EventDate "2003.10.18"]

1. e4 e6 2. d4 d5 3. Nd2 Nf6 4. e5 Nfd7 5. Bd3 c5 6. c3 Nc6 7. Ne2 Qb6 8. Nf3
cxd4 9. cxd4 f6 10. exf6 Nxf6 11. O-O Bd6 12. a3 O-O 13. Bb1 Bd7 14. Nc3 Kh8
15. Qd3 Be8 16. Re1 Bg6 17. Qd1 Bxb1 18. Rxb1 Rae8 19. Bg5 a6 20. b4 Qc7 21.
Qd2 Qf7 22. Bh4 Nh5 23. Na4 Nf4 24. Rb3 Ng6 25. Bg3 Nf4 26. Rbe3 h6 27. Nc5 b6
28. Na4 Qb7 29. Qc2 Rf6 30. Nc3 Nd8 31. Ne5 Bxe5 32. Rxe5 Ref8 33. Qd2 Qc6 34.
Bh4 g5 35. Bg3 Qc4 36. Ne2 Nd3 37. Rf1 Nxe5 38. Bxe5 Kh7 39. Bxf6 Rxf6 40. Rc1
Qb3 41. Qc2+ Qxc2 42. Rxc2 Rf7 43. Rc8 Rd7 44. Ra8 a5 45. bxa5 bxa5 46. Rxa5
Rb7 47. g3 Kg6 48. Ra8 Nc6 49. Ra6 Rc7 50. g4 h5 51. h3 hxg4 52. hxg4 Kf6 53.
Nc3 Ne7 54. Nb5 Rc4 55. Ra8 e5 56. dxe5+ Kxe5 57. f3 Nc6 58. Re8+ Kf4 59. Rf8+
1/2-1/2

[Event "Deutsche Ländermeisterschaft 2003"]
[Site "Kassel GER"]
[Date "2003.10.21"]
[Round "4"]
[White "Dec, Paul"]
[Black "Zentgraf, Robert"]
[Result "1-0"]
[Termination "normal"]
[Board "6.2"]
[WhiteElo "2071"]
[BlackElo "2083"]
[WhiteTeam "Hessen 3"]
[BlackTeam "Mecklenburg-Vorpommern"]
[PlyCount "101"]
[WhiteFideId "4676858"]
[BlackFideId "4676483"]
[EventCountry "GER"]
[EventRounds "7"]
[EventType "team-swiss"]
[EventDate "2003.10.18"]

1. e4 c5 2. c3 Nf6 3. e5 Nd5 4. d4 cxd4 5. Nf3 d6 6. Bc4 e6 7. O-O Nb6 8. Bb3
dxc3 9. Nxc3 Nc6 10. Bg5 Be7 11. Bxe7 Kxe7 12. Qe2 d5 13. Nb5 Nd7 14. Rfe1 a6
15. Nc3 Kf8 16. Rad1 Nb6 17. Nd4 Nxd4 18. Rxd4 Bd7 19. Red1 Qe7 20. f4 g6 21.
g4 h5 22. f5 gxf5 23. gxf5 Qg5+ 24. Kh1 Qxf5 25. Rf1 Qg5 26. Rdf4 Rh7 27. Qf2
Be8 28. Qc5+ Qe7 29. Qxb6 Bc6 30. Qd4 Rg7 31. Ne2 Qg5 32. Ng3 Ke7 33. Ba4 Bxa4
34. Qxa4 Qxe5 35. Qb4+ Ke8 36. Qxb7 Rb8 37. Qc6+ Ke7 38. Qc5+ Ke8 39. Nxh5 Qxh5
40. Qc6+ Kf8 41. Qd6+ Kg8 42. Qxb8+ Kh7 43. Qb3 Qe5 44. Qh3+ Kg8 45. Rh4 Kf8
46. Rh8+ Ke7 47. Qh4+ f6 48. Qb4+ Kf7 49. Qb7+ Kg6 50. Rg1+ Kf5 51. Qxg7 1-0

[Event "Deutsche Ländermeisterschaft 2003"]
[Site "Kassel GER"]
[Date "2003.10.21"]
[Round "4"]
[White "Janotta, Steffi"]
[Black "Rubel, Julian"]
[Result "1-0"]
[Termination "normal"]
[Board "6.3"]
[WhiteElo "1766"]
[BlackElo "2136"]
[WhiteTeam "Mecklenburg-Vorpommern"]
[BlackTeam "Hessen 3"]
[PlyCount "57"]
[WhiteFideId "4696344"]
[BlackFideId "24605980"]
[EventCountry "GER"]
[EventRounds "7"]
[EventType "team-swiss"]
[EventDate "2003.10.18"]

1. e4 c5 2. Nf3 e6 3. d4 cxd4 4. Nxd4 a6 5. Nc3 Qc7 6. Bd3 Bc5 7. Nb3 Be7 8.
O-O Nf6 9. f4 d6 10. Qe1 Nbd7 11. Qg3 b5 12. Be3 Bb7 13. a3 O-O 14. Qh3 Rfe8
15. g4 g6 16. Rf2 e5 17. f5 d5 18. g5 Nxe4 19. Bxe4 dxe4 20. Raf1 Nf8 21. fxg6
fxg6 22. Rf7 Qc4 23. Na5 Bc8 24. Rg7+ Kxg7 25. Qh6+ Kg8 26. Nxc4 bxc4 27. Nd5
Bg4 28. Nf6+ Bxf6 29. gxf6 1-0